| 000 | 00407cam a2200157ua 4500 | ||
|---|---|---|---|
| 041 |
_aeng _h |
||
| 082 |
_a641.3 _bHAR/FO |
||
| 100 | _aHarris, Florence Laganke . | ||
| 245 |
_aFoods / _cFlorence Laganke Harris. _hTextual Documents |
||
| 260 |
_aBoston : _bD.C Health and company , _c1954. |
||
| 300 | _a602 ; . | ||
| 504 | _a | ||
| 700 | 1 | _aHenderson, Ruth Adele . | |
| 942 | _cBK | ||
| 999 |
_c6011 _d6011 |
||